| 000 | 00646nam a2200229 i 4500 | ||
|---|---|---|---|
| 001 | 18814 | ||
| 003 | ES-MaACL | ||
| 005 | 20260424152004.0 | ||
| 007 | t| | ||
| 008 | 020318s1982 sp ||||1| spa d | ||
| 020 | _a84-320-4206-4 | ||
| 080 | _a821.134.2-31"19" | ||
| 100 | 1 |
_aVizcaíno Casas, Fernando. _9115612 |
|
| 245 | 1 | 0 |
_a...y habitó entre nosotros / _cFernando Vizcaíno Casas. |
| 250 | _a[1ª ed.]. | ||
| 260 |
_aBarcelona : _bPlaneta, _c1982. |
||
| 300 |
_a227 p. ; _c18 cm. |
||
| 490 | 1 |
_aColección Fábula ; _v106 |
|
| 830 | 0 |
_aColección Fábula _v106 _9180466 |
|
| 852 |
_aES-MaACL _jG-331 _bR.130952 |
||
| 999 |
_c18814 _d18814 |
||